Normal view
MARC view
Entry Personal Name
001 - CONTROL NUMBER
- control field: 18366
003 - CONTROL NUMBER IDENTIFIER
- control field: dpl
005 - DATE AND TIME OF LATEST TRANSACTION
- control field: 20100904144229.0
008 - FIXED-LENGTH DATA ELEMENTS
- fixed length control field: 100904|||a|||||| | ||| d
040 ## - CATALOGING SOURCE
- Original cataloging agency: dpl
- Transcribing agency: dpl
100 ## - HEADING--PERSONAL NAME
- Personal name: अवस्थी, राजेन्द्र
670 ## - SOURCE DATA FOUND
- Source citation: Work cat.: (dpl)36685: अवस्थी, राजेन्द्र, सीपियां /, 2010
670 ## - SOURCE DATA FOUND
- Source citation: Work cat.: (dpl)36685: अवस्थी, राजेन्द्र, सीपियां /, 2010
